Texas Quiz by Letter - M - Statistics

General Stats
  • This quiz has been taken 12 times
  • The average score is 4 of 10
Answer Stats
Question Answer % Correct
Texas became independent from what country in 1836? Mexico
100%
NBA team in Dallas Mavericks
91%
City in Texas named after a city in Russia Moscow
91%
7'6 Chinese basketball player who played for the Houston Rockets from 2002-2011 Yao Ming
55%
Former name of Daikin Park, home of the Houston Astros MLB team Minute Maid Park
45%
1974 horror film about a group of friends who fall prey to a cannibalistic family, inspired by the crimes of serial killer Ed Gein Texas Chainsaw Massacre
27%
Large corsage worn for high school homecoming football games Mum
18%
Permanent art installation Prada store about 30 miles from what city? Marfa
9%
Historic theatre and National Historic Landmark in downtown San Antonio Majestic Theatre
0%
Tallest building in San Antonio Marriott Rivercenter
0%
No matching quizzes found
Score Distribution
Percent of People with Each Score
Percentile by Number Answered
Your Score History
You have not taken this quiz